LEADER 01083cam0 2200325 450 001 000003503 005 20081203102951.0 100 $a20020129d1962----km-y0itay50------ba 101 0 $aita 102 $aIT 105 $ay-------001yy 200 1 $aPrimi elementi di scienza delle finanze$fBenvenuto Griziotti 205 $aNuova edizione ampliata e aggiornata$fa cura di Giannino Parravicini 210 $aMilano$cGiuffrè$d1962 215 $aVIII, 412 p.$d22 cm 225 2 $aManuali Giuffrè 410 0$12001$aManuali Giuffrè 500 10$aPrimi elementi di scienza delle finanze$952208 610 1 $aScienza delle finanze 610 1 $aDiritto finanziario 676 $a336$v16$9Finanza pubblica, tributi 676 $a343.03$v19$9Diritto finanziario 700 1$aGriziotti,$bBenvenuto$0126304 702 1$aParravicini,$bGiannino$4070 801 0$aIT$bUNIPARTHENOPE$gRICA$2UNIMARC 912 $a000003503 951 $a336-P/1$b17142$cNAVA1$d20020129 951 $a321/43$b4415$cNAVA2 996 $aPrimi elementi di scienza delle finanze$952208 997 $aUNIPARTHENOPE